Хортуоппуй ыһыытын көрүү-харайыы (Запись № 12163431)

Подробности
000 -МАРКЕР
контрольное поле 01335nam0a2200301 4500
001 - ИДЕНТИФИКАТОР ЗАПИСИ
контрольное поле RU\NLR\BIBL_A\011250331
005 - ИДЕНТИФИКАТОР ВЕРСИИ
контрольное поле 20250626033350.0
035 ## - ДРУГИЕ СИСТЕМНЫЕ НОМЕРА
Идентификатор записи (NLR Aleph) 011250331
100 ## - ДАННЫЕ ОБЩЕЙ ОБРАБОТКИ
Данные общей обработки 20161019d1972 |||y0rusy50 ca
101 0# - ЯЗЫК РЕСУРСА
Язык текста, звукозаписи и т.д. якутский
102 ## - СТРАНА ПУБЛИКАЦИИ ИЛИ ПРОИЗВОДСТВА
Страна публикации Российская Федерация
105 ## - ПОЛЕ КОДИРОВАННЫХ ДАННЫХ: ТЕКСТОВЫЕ МАТЕРИАЛЫ, МОНОГРАФИЧЕСКИЕ
Кодированные данные о монографическом текстовом документе y z 000 y
200 1# - ЗАГЛАВИЕ И СВЕДЕНИЯ ОБ ОТВЕТСТВЕННОСТИ
Основное заглавие Хортуоппуй ыһыытын көрүү-харайыы
Первые сведения об ответственности Н. С. Фёдоров
210 ## - ПУБЛИКАЦИЯ, РАСПРОСТРАНЕНИЕ И ДР.
Место издания, распространения и т.д. Якутскай
Имя издателя, распространителя и т. д. Саха сиринээҕи кинигэ изд-вота
Дата издания, распространения и т.д. 1972
215 ## - ФИЗИЧЕСКАЯ ХАРАКТЕРИСТИКА
Специфическое обозначение материала и объем 9,[1] с.
Размеры 14
225 1# - СЕРИЯ
Основное заглавие серии Хортуоппуйу уонна оҕоруот аһын үүннэрээччи библиотечката
300 ## - ОБЩИЕ ПРИМЕЧАНИЯ
Текст примечания Без тит. л. Описано по обл.
309 ## - ПРИМЕЧАНИЯ ОБ ОСНОВНОМ ИСТОЧНИКЕ ИНФОРМАЦИИ И ОБ ОСОБЕННОСТЯХ ПОЛИГРАФИЧЕСКОГО ОФОРМЛЕНИЯ ИЗДАНИЯ
Текст примечания Влож. с 13 др. книгами в манжету с загл.: Агортехникаҕа уонна үлэни эрийигэ сүбэлэр
540 1# - ДОПОЛНИТЕЛЬНОЕ ЗАГЛАВИЕ, ПРИМЕНЯЕМОЕ КАТАЛОГИЗАТОРОМ
Заглавие Агротехникаҕа уонна үлэни эрийигэ сүбэлэр
541 1# - ПЕРЕВОД ЗАГЛАВИЯ, СДЕЛАННЫЙ КАТАЛОГИЗАТОРОМ
Заглавие Уход за посевами картофеля
Язык заглавия русский
606 1# - НАИМЕНОВАНИЕ ТЕМЫ КАК ПРЕДМЕТ
Наименование темы Картофель
Системный номер авторитетной/нормативной записи 974472
Идентификатор авторитетной/нормативной записи RU\NLR\AUTH\66366015
686 1# - ИНДЕКСЫ ДРУГИХ КЛАССИФИКАЦИЙ
Индекс П215.1-46
700 #1 - ИМЯ ЛИЦА - ПЕРВИЧНАЯ ОТВЕТСТВЕННОСТЬ
Начальный элемент ввода Федоров
Часть имени, кроме начального элемента ввода Н.С.
Расширение инициалов личного имени Николай Степанович
Код отношения Автор
852 ## - МЕСТОНАХОЖДЕНИЕ И ШИФР ХРАНЕНИЯ
Идентификатор организации NLR
Наименование фонда или коллекции (Sub-Location Identifier) ОНЛ
Шифр хранения (Call Number) Якут./2-1870
942 ## - ДОПОЛНИТЕЛЬНЫЕ ЭЛЕМЕНТЫ ЗАПИСИ (АБИС)
Тип экземпляра АБИС Книга
980 ## - КОЛЛЕКЦИЯ
Название коллекции Национальная библиография
Экземпляры
Тип экземпляра Дата поступления Библиотека постоянного хранения Библиотека текущего хранения Место хранения Шифр хранения Штрих-код Статус экземпляра
Книга 19.10.2016 РНБ (Московский) РНБ (Московский) Фонд национальных литератур ОНЛ Якут./2-1870 1-1441811